Score 0/30 Timer 08:00
0 Plays Today
% Correct
Georgia Georgia Georgia
95.7%
Ford Lincoln Mercury
95.6%
Mayor May Knot
95.5%
Cowboys Scream Yahoo!
95.1%
Molly Cod Dell
95.1%
Fore Peat Saké
95%
Maid Abu Boo
95%
Ronald Mac Donald
94.9%
Greyhound Spade Yesterday
94.7%
Pork E Pig
94.6%
SpongeBob Square Pants
94.5%
Port A John
94.5%
Anne Knee Hall
94.3%
E.T. Phone Home
94.2%
Snap Krackel Pop
94%
% Correct
Play Spork L
94%
Tick Tack Toe
93.7%
Ad Am Snapple
93.4%
Collie Rod Dough
92.9%
Car Dash Ian
92.9%
Custer Doh Nut
92.9%
Magic Carpet Ride
92.8%
Harry But Ox
92.8%
Matthew Mark Luke
92.8%
Strip Oh! Graham
92.3%
Bill Lee Club
92.1%
Happy Go Lucky
91.7%
Putin On Socks
91.5%
There They're Their
91.5%
Buffalo Wild Wings
90%
Remove Ads.
Support Sporcle.
Get the best of Sporcle when you Go Orange. This ad-free experience offers more features, more stats, and more fun while also helping to support Sporcle. Thank you for becoming a member.

You're not logged in!

Compare scores with friends on all Sporcle quizzes.
OR
Log In

Show Comments

Extras

Top Quizzes Today


Score Distribution

Your Account Isn't Verified!

In order to create a playlist on Sporcle, you need to verify the email address you used during registration. Go to your Sporcle Settings to finish the process.

Report this User

Report this user for behavior that violates our Community Guidelines.

Details: